[Event "POL-ch Universities"]
[Site "Lublin"]
[Date "2024.02.23"]
[Round "2"]
[White "Baum, Jonasz"]
[Black "Iwanczuk, Krzysztof"]
[Result "1-0"]
[WhiteElo "2400"]
[BlackElo "2014"]
[PlyCount "74"]
[EventDate "2024.02.23"]
[EventType "swiss"]
[EventRounds "9"]
[EventCountry "POL"]
[SourceTitle "CB10_2024"]
[SourceDate "2024.03.06"]
[SourceVersion "1"]
[SourceVersionDate "2024.03.06"]
[SourceQuality "1"]

1. e4 e5 2. Nf3 Nc6 3. Bb5 a6 4. Ba4 Nf6 5. 0-0 b5 6. Bb3 Bc5 7. a4 Rb8 8. c3 d6 9. d4 Bb6 10. a5 Ba7 11. h3 Bb7 12. Be3 Nxe4 13. Nbd2 Nxd2 14. Qxd2 0-0 15. dxe5 Bxe3 16. Qxe3 Nxe5 17. Nxe5 dxe5 18. Qxe5 Qd2 19. Rab1 Rbe8 20. Qxc7 Be4 21. Ra1 Qxb2 22. Ba2 Rc8 23. Qa7 Rc6 24. Rfd1 h6 25. Re1 Rg6 26. g4 Qxc3 27. Qe3 Qxe3 28. Rxe3 Bf5 29. Rc1 h5 30. f3 hxg4 31. hxg4 Rd8 32. Rce1 Rd2 33. Re8+ Kh7 34. Bxf7 Rf6 35. Bg8+ Kh6 36. gxf5 Kg5 37. R8e6 Rxf5 1-0

[Event "POL-ch Universities"]
[Site "Bydgoszcz"]
[Date "2023.03.10"]
[Round "5"]
[White "Kumala, Aleksander"]
[Black "Iwanczuk, Krzysztof"]
[Result "0-1"]
[WhiteElo "2165"]
[BlackElo "1934"]
[PlyCount "91"]
[EventDate "2023.03.10"]
[EventType "swiss"]
[EventRounds "9"]
[EventCountry "POL"]
[SourceTitle "CBM 213 Extra"]
[Source "ChessBase"]
[SourceDate "2023.05.31"]
[SourceVersion "1"]
[SourceVersionDate "2023.05.31"]
[SourceQuality "1"]

1. d4 Nf6 2. Bg5 d5 3. Bxf6 gxf6 4. e3 c5 5. dxc5 e6 6. Nf3 Nc6 7. Be2 Bxc5 8. 0-0 0-0 9. c4 dxc4 10. Qc2 Qc7 11. Qxc4 Be7 12. Nc3 f5 13. Rfd1 a6 14. Rac1 Bd7 15. e4 fxe4 16. Qxe4 Rad8 17. Bd3 f5 18. Qe3 Bf6 19. Bc4 Kh8 20. Re1 Rde8 21. Bb3 Bc8 22. Na4 Qg7 23. Rc2 Nd4 24. Nxd4 Bxd4 25. Qe2 Rg8 26. g3 f4 27. Kg2 b5 28. Nc5 Bxc5 29. Rxc5 Bb7+ 30. Bd5 Bxd5+ 31. Rxd5 f3+ 32. Qxf3 exd5 33. Rxe8 Rxe8 34. Qxd5 Qe5 35. Qf7 Qe6 36. Qc7 Rf8 37. Qc5 Qe4+ 38. Kg1 Rd8 39. Qh5 Qe1+ 40. Kg2 Qe7 41. h4 Rf8 42. Qd5 Qf6 43. Qc5 Qf3+ 44. Kg1 Qf5 45. Qb6 Re8 46. Qd4+ 0-1

[Event "Polanica Zdroj op-A 58th"]
[Site "Polanica Zdroj"]
[Date "2022.08.16"]
[Round "4"]
[White "Iwanczuk, Krzysztof"]
[Black "Antoniewicz, Jakub"]
[Result "0-1"]
[WhiteElo "1947"]
[BlackElo "1931"]
[PlyCount "78"]
[EventDate "2022.08.13"]
[EventType "swiss"]
[EventRounds "9"]
[EventCountry "POL"]
[SourceTitle "CBM 210 Extra"]
[Source "ChessBase"]
[SourceDate "2022.11.30"]
[SourceVersion "1"]
[SourceVersionDate "2022.11.30"]
[SourceQuality "1"]

1. e4 c5 2. Nf3 Nc6 3. d4 cxd4 4. Nxd4 e5 5. Nb5 a6 6. Nd6+ Bxd6 7. Qxd6 Qe7 8. Qd1 Nf6 9. Nc3 d6 10. Bg5 Be6 11. Nd5 Bxd5 12. exd5 Nb8 13. Be2 h6 14. Be3 0-0 15. 0-0 Nbd7 16. c4 Nh7 17. b4 f5 18. f3 f4 19. Bf2 Ng5 20. Bd3 e4 21. Bxe4 Nxe4 22. Qe2 Rae8 23. Qxe4 Qxe4 24. fxe4 Rxe4 25. Rac1 Ne5 26. c5 Rd8 27. Rfd1 Rxb4 28. cxd6 Nf7 29. Rc7 Nxd6 30. Bc5 Re4 31. Bxd6 Rxd6 32. Rxb7 Re2 33. Rd4 Rg6 34. d6 Rgxg2+ 35. Kf1 Ref2+ 36. Ke1 Rxa2 37. Kf1 Rxh2 38. Kg1 Rag2+ 39. Kf1 f3 0-1

[Event "Polanica Zdroj op-A 58th"]
[Site "Polanica Zdroj"]
[Date "2022.08.13"]
[Round "1"]
[White "Paprocki, Antoni"]
[Black "Iwanczuk, Krzysztof"]
[Result "1-0"]
[WhiteElo "1981"]
[BlackElo "1947"]
[PlyCount "37"]
[EventDate "2022.08.13"]
[EventType "swiss"]
[EventRounds "9"]
[EventCountry "POL"]
[SourceTitle "CBM 210 Extra"]
[Source "ChessBase"]
[SourceDate "2022.11.30"]
[SourceVersion "1"]
[SourceVersionDate "2022.11.30"]
[SourceQuality "1"]

1. d4 d5 2. c4 dxc4 3. e4 b5 4. a4 c6 5. Nc3 b4 6. Na2 e5 7. Nf3 Bg4 8. Bxc4 Nd7 9. Qb3 Qf6 10. Nxe5 Nxe5 11. dxe5 Qg6 12. 0-0 Bc5 13. Kh1 Ne7 14. Be3 Bxe3 15. Qxe3 a5 16. f4 Qh6 17. Qc5 Be6 18. f5 Bxc4 19. f6 1-0

[Event "Warsaw Najdorf Memorial op-A"]
[Site "Warsaw"]
[Date "2022.07.17"]
[Round "9"]
[White "Iwanczuk, Krzysztof"]
[Black "Kotowicz, Kamil"]
[Result "1-0"]
[WhiteElo "1947"]
[BlackElo "1770"]
[PlyCount "85"]
[EventDate "2022.07.09"]
[EventType "swiss"]
[EventRounds "9"]
[EventCountry "POL"]
[SourceTitle "CBM 209 Extra"]
[Source "ChessBase"]
[SourceDate "2022.09.30"]
[SourceVersion "1"]
[SourceVersionDate "2022.09.30"]
[SourceQuality "1"]

1. e4 e6 2. d4 d5 3. Nc3 dxe4 4. Nxe4 b6 5. Nf3 Bb7 6. Bb5+ c6 7. Bd3 Nd7 8. 0-0 Ngf6 9. Nxf6+ Nxf6 10. c3 Be7 11. Ne5 0-0 12. Qf3 Qc8 13. Qh3 c5 14. Ng4 g6 15. Bg5 Qd8 16. Ne5 cxd4 17. c4 Nd7 18. Nxd7 Qxd7 19. Bh6 Rfe8 20. f4 Bf8 21. Bxf8 Rxf8 22. Rae1 Rac8 23. g4 f5 24. Re5 Rc5 25. Rfe1 Rxe5 26. Rxe5 Qa4 27. gxf5 Qd1+ 28. Bf1 gxf5 29. Rxe6 Kh8 30. Qh6 Rg8+ 31. Kf2 Qc2+ 32. Re2 d3 33. Rxc2 dxc2 34. Qf6+ Rg7 35. Qc3 Be4 36. Be2 Kg8 37. Bf3 Bd3 38. Bd5+ Kf8 39. Qf6+ Ke8 40. Bc6+ Rd7 41. Bxd7+ Kxd7 42. Qc3 Be4 43. Ke3 1-0

[Event "Warsaw Najdorf Memorial op-A"]
[Site "Warsaw"]
[Date "2022.07.15"]
[Round "7"]
[White "Iwanczuk, Krzysztof"]
[Black "Skrzypczynski, Kacper"]
[Result "1-0"]
[WhiteElo "1947"]
[BlackElo "1793"]
[PlyCount "101"]
[EventDate "2022.07.09"]
[EventType "swiss"]
[EventRounds "9"]
[EventCountry "POL"]
[SourceTitle "CBM 209 Extra"]
[Source "ChessBase"]
[SourceDate "2022.09.30"]
[SourceVersion "1"]
[SourceVersionDate "2022.09.30"]
[SourceQuality "1"]

1. e4 d6 2. d4 Nf6 3. Nc3 e5 4. Nf3 Nbd7 5. Bc4 Be7 6. 0-0 0-0 7. Re1 c6 8. a4 a5 9. h3 h6 10. Be3 Re8 11. Nh4 Qc7 12. Nf5 Bf8 13. Qf3 exd4 14. Bxd4 Ne5 15. Bxe5 Rxe5 16. Nxh6+ gxh6 17. Qxf6 Bg7 18. Qf3 Be6 19. Bxe6 Rxe6 20. Rad1 Rae8 21. Re2 Qb6 22. b3 Qb4 23. Na2 Qc5 24. Rde1 b5 25. axb5 cxb5 26. c3 Qa3 27. Nc1 Qc5 28. Re3 a4 29. Nd3 Qa3 30. bxa4 bxa4 31. Nf4 Rf6 32. Nd3 Rfe6 33. Nf4 Rf6 34. Qg4 Kh7 35. Rg3 Rg8 36. Nd5 Rg6 37. Qf5 Kh8 38. Rxg6 fxg6 39. Qxg6 Rf8 40. Qg3 Qb2 41. Ne7 Qxc3 42. Re3 Qc1+ 43. Kh2 Rf7 44. Qxd6 Rxf2 45. Rg3 Qc4 46. Nf5 Rxf5 47. exf5 Qf7 48. Rf3 Bf6 49. Qf4 Qg7 50. Qxa4 h5 51. Qe8+ 1-0

[Event "Warsaw Najdorf Memorial op-A"]
[Site "Warsaw"]
[Date "2022.07.12"]
[Round "4"]
[White "Mazur, Maciej"]
[Black "Iwanczuk, Krzysztof"]
[Result "0-1"]
[WhiteElo "1757"]
[BlackElo "1947"]
[PlyCount "65"]
[EventDate "2022.07.09"]
[EventType "swiss"]
[EventRounds "9"]
[EventCountry "POL"]
[SourceTitle "CBM 209 Extra"]
[Source "ChessBase"]
[SourceDate "2022.09.30"]
[SourceVersion "1"]
[SourceVersionDate "2022.09.30"]
[SourceQuality "1"]

1. e4 c5 2. Nf3 d6 3. Bb5+ Nd7 4. c4 Ngf6 5. Nc3 g6 6. d4 cxd4 7. Nxd4 Bg7 8. 0-0 0-0 9. Bxd7 Bxd7 10. Be3 Rc8 11. b3 Ng4 12. Qd2 Nxe3 13. Qxe3 Qa5 14. a4 Rfe8 15. h3 a6 16. Rfd1 e6 17. Qd2 Bc6 18. Nxc6 bxc6 19. Rac1 d5 20. Nb1 Qb6 21. cxd5 cxd5 22. Rxc8 Rxc8 23. exd5 Qxb3 24. dxe6 Qxe6 25. Qa5 Bf8 26. Re1 Qf6 27. Qd5 Rc2 28. Nd2 Qc3 29. Nf3 Bc5 30. Re8+ Kg7 31. Qe5+ Qxe5 32. Nxe5 Rxf2 33. Rc8 0-1

[Event "Krakow op-B 32nd"]
[Site "Krakow"]
[Date "2022.01.03"]
[Round "8"]
[White "Vishal Choudary, B."]
[Black "Iwanczuk, Krzysztof"]
[Result "0-1"]
[WhiteElo "1846"]
[BlackElo "1896"]
[PlyCount "84"]
[EventDate "2021.12.27"]
[EventType "swiss"]
[EventRounds "9"]
[EventCountry "POL"]
[SourceTitle "EXT 2023"]
[Source "ChessBase"]
[SourceDate "2022.10.05"]
[SourceVersion "1"]
[SourceVersionDate "2022.10.05"]
[SourceQuality "1"]

1. f4 d5 2. Nf3 g6 3. e3 Nf6 4. Be2 Bg7 5. 0-0 0-0 6. d3 c5 7. Qe1 Nc6 8. Nbd2 Qc7 9. Qh4 e5 10. Nxe5 Nxe5 11. fxe5 Qxe5 12. Nf3 Qe7 13. Ng5 h6 14. Nh3 Bxh3 15. Qxh3 Rfe8 16. Kh1 Rac8 17. e4 c4 18. Bxh6 cxd3 19. cxd3 Rc2 20. Bd1 Rxb2 21. Ba4 Rd8 22. e5 Qxe5 23. Rae1 Re2 24. Bxg7 Kxg7 25. Qh4 Rxe1 26. Rxe1 Qd6 27. Rf1 Rh8 28. Qf4 Qxf4 29. Rxf4 Rc8 30. h3 a6 31. g4 g5 32. Rf3 b5 33. Bb3 Rc3 34. Kg2 d4 35. h4 Nxg4 36. Rxf7+ Kg6 37. Ra7 gxh4 38. Rxa6+ Kg5 39. Ra5 Rxd3 40. Rxb5+ Kf4 41. Rh5 Rg3+ 42. Kf1 h3 0-1

[Event "Krakow op-B 32nd"]
[Site "Krakow"]
[Date "2022.01.02"]
[Round "7"]
[White "Iwanczuk, Krzysztof"]
[Black "Kumor, Lukasz"]
[Result "0-1"]
[WhiteElo "1896"]
[BlackElo "2075"]
[PlyCount "54"]
[EventDate "2021.12.27"]
[EventType "swiss"]
[EventRounds "9"]
[EventCountry "POL"]
[SourceTitle "EXT 2023"]
[Source "ChessBase"]
[SourceDate "2022.10.05"]
[SourceVersion "1"]
[SourceVersionDate "2022.10.05"]
[SourceQuality "1"]

1. e4 e6 2. d4 d5 3. Nc3 Nf6 4. e5 Nfd7 5. f4 c5 6. Nf3 Nc6 7. Be3 cxd4 8. Nxd4 Bc5 9. Qd2 0-0 10. 0-0-0 a6 11. a3 Nxd4 12. Bxd4 b5 13. Bxc5 Nxc5 14. b4 Nd7 15. h4 Bb7 16. h5 f6 17. h6 g6 18. f5 gxf5 19. g4 fxg4 20. Qf4 Nxe5 21. Rg1 Ng6 22. Rxg4 f5 23. Rg3 Rc8 24. Be2 Qf6 25. Qd2 f4 26. Rh3 Rc7 27. Rg1 Rfc8 0-1

[Event "Krakow op-B 32nd"]
[Site "Krakow"]
[Date "2021.12.27"]
[Round "1"]
[White "Golenia, Wojciech"]
[Black "Iwanczuk, Krzysztof"]
[Result "0-1"]
[WhiteElo "2059"]
[BlackElo "1896"]
[PlyCount "111"]
[EventDate "2021.12.27"]
[EventType "swiss"]
[EventRounds "9"]
[EventCountry "POL"]
[SourceTitle "EXT 2023"]
[Source "ChessBase"]
[SourceDate "2022.10.05"]
[SourceVersion "1"]
[SourceVersionDate "2022.10.05"]
[SourceQuality "1"]

1. c4 e5 2. Nc3 Nc6 3. g3 f5 4. Bg2 Nf6 5. d3 Bb4 6. Nf3 0-0 7. 0-0 Bxc3 8. bxc3 d6 9. Qb3 Kh8 10. c5 dxc5 11. Ba3 h6 12. Bxc5 Re8 13. Nh4 e4 14. Rfd1 Qd5 15. Qxd5 Nxd5 16. Rac1 Nf6 17. Bh1 Be6 18. c4 g5 19. Ng2 Rad8 20. Ne3 b6 21. Ba3 Nd4 22. Bb2 c5 23. Nd5 Bxd5 24. cxd5 Nxe2+ 25. Kf1 Nd4 26. dxe4 fxe4 27. Rxd4 cxd4 28. Bxd4 Rd6 29. f3 Kg8 30. fxe4 Nxe4 31. Re1 Nd2+ 32. Kf2 Rxe1 33. Kxe1 Nc4 34. Ke2 Rd8 35. Kd3 Nd6 36. Bf6 Re8 37. Bg2 Kf7 38. Bc3 g4 39. Bb4 Nf5 40. Be4 Kg6 41. Bd2 h5 42. Bf4 Kf6 43. Bd2 Nd6 44. Bc3+ Kf7 45. Bh7 Rc8 46. Bb2 Re8 47. a4 Re1 48. Kd2 Rh1 49. Bd4 Rxh2+ 50. Kc3 Re2 51. Bd3 Ne4+ 52. Kc4 Nxg3 53. Bxe2 Nxe2 54. Be3 h4 55. a5 h3 56. Bxb6 0-1

[Event "Polanica Zdroj op-C 56th"]
[Site "Polanica Zdroj"]
[Date "2020.08.22"]
[Round "8"]
[White "Raclawicki, Kacper"]
[Black "Iwanczuk, Krzysztof"]
[Result "0-1"]
[WhiteElo "1879"]
[BlackElo "1929"]
[PlyCount "46"]
[EventDate "2020.08.15"]
[EventType "swiss"]
[EventRounds "9"]
[EventCountry "POL"]
[SourceTitle "CBM 198 Extra"]
[Source "ChessBase"]
[SourceDate "2020.11.30"]
[SourceVersion "1"]
[SourceVersionDate "2020.11.30"]
[SourceQuality "1"]

1. d4 Nf6 2. Bf4 d5 3. e3 c5 4. Nc3 cxd4 5. exd4 a6 6. Nf3 Bg4 7. h3 Bxf3 8. Qxf3 Nc6 9. 0-0-0 e6 10. g4 Bd6 11. g5 Ne4 12. Nxe4 dxe4 13. Qxe4 Bxf4+ 14. Qxf4 Qd5 15. Bd3 Qxa2 16. c3 0-0 17. Qe4 g6 18. h4 Na5 19. h5 Rac8 20. hxg6 fxg6 21. f4 Rf7 22. Bc2 Nc4 23. Qe5 Nxe5 0-1

[Event "Polanica Zdroj op-C 56th"]
[Site "Polanica Zdroj"]
[Date "2020.08.21"]
[Round "7"]
[White "Iwanczuk, Krzysztof"]
[Black "Siekanska, Zuzanna"]
[Result "1-0"]
[WhiteElo "1929"]
[BlackElo "1680"]
[PlyCount "55"]
[EventDate "2020.08.15"]
[EventType "swiss"]
[EventRounds "9"]
[EventCountry "POL"]
[SourceTitle "CBM 198 Extra"]
[Source "ChessBase"]
[SourceDate "2020.11.30"]
[SourceVersion "1"]
[SourceVersionDate "2020.11.30"]
[SourceQuality "1"]

1. e4 c5 2. Nf3 e6 3. Nc3 d6 4. d4 cxd4 5. Nxd4 Nf6 6. Be3 a6 7. g4 b5 8. g5 Nfd7 9. a3 Nb6 10. h4 N8d7 11. f4 Bb7 12. Qf3 Rc8 13. h5 Nc4 14. Bxc4 Rxc4 15. g6 Qf6 16. gxf7+ Kxf7 17. 0-0-0 Nc5 18. Rhg1 Be7 19. f5 e5 20. Ne6 Nxe6 21. fxe6+ Ke8 22. Qg4 Bc8 23. Nd5 Qxe6 24. Qxg7 Rf8 25. Qxh7 Bb7 26. Rg7 Rf7 27. h6 Bf6 28. Qg8+ 1-0

[Event "Polanica Zdroj op-C 56th"]
[Site "Polanica Zdroj"]
[Date "2020.08.15"]
[Round "1"]
[White "Iwanczuk, Krzysztof"]
[Black "Wojcik, Jagoda"]
[Result "1-0"]
[WhiteElo "1929"]
[BlackElo "1640"]
[PlyCount "53"]
[EventDate "2020.08.15"]
[EventType "swiss"]
[EventRounds "9"]
[EventCountry "POL"]
[SourceTitle "CBM 198 Extra"]
[Source "ChessBase"]
[SourceDate "2020.11.30"]
[SourceVersion "1"]
[SourceVersionDate "2020.11.30"]
[SourceQuality "1"]

1. e4 e5 2. Bc4 Nf6 3. d4 exd4 4. Nf3 Bb4+ 5. c3 dxc3 6. bxc3 Ba5 7. e5 d5 8. exf6 dxc4 9. Qa4+ Nc6 10. fxg7 Qe7+ 11. Be3 Rg8 12. Nd4 Qf6 13. 0-0 Bd7 14. Nxc6 Bxc6 15. Qxa5 Rxg7 16. f3 Bxf3 17. g3 b6 18. Qa3 Qc6 19. Bd4 Rg6 20. Nd2 Bd5 21. Rae1+ Re6 22. Bf6 Kd7 23. Bg5 Bh1 24. Rxf7+ Kc8 25. Qa6+ Qb7 26. Qxb7+ Kxb7 27. Rxe6 1-0

[Event "POL-ch U18"]
[Site "Szklarska Poreba"]
[Date "2020.03.13"]
[Round "8"]
[White "Derylo, Kamil"]
[Black "Iwanczuk, Krzysztof"]
[Result "1-0"]
[WhiteElo "2083"]
[BlackElo "1887"]
[PlyCount "105"]
[EventDate "2020.03.07"]
[EventType "swiss"]
[EventRounds "8"]
[EventCountry "POL"]
[SourceTitle "CBM 195 Extra"]
[Source "ChessBase"]
[SourceDate "2020.05.31"]
[SourceVersion "1"]
[SourceVersionDate "2020.05.31"]
[SourceQuality "1"]

1. Nf3 Nf6 2. c4 g6 3. d4 Bg7 4. e3 0-0 5. Be2 c5 6. d5 e6 7. Nc3 exd5 8. cxd5 d6 9. 0-0 Re8 10. Nd2 Na6 11. e4 Nc7 12. a4 Rb8 13. f3 b6 14. Nc4 a6 15. Bf4 Bf8 16. Qd2 b5 17. axb5 axb5 18. e5 bxc4 19. exf6 Qxf6 20. Bxc4 Rb4 21. b3 Bg7 22. Rac1 Ba6 23. Ne4 Qd4+ 24. Rf2 Bxc4 25. bxc4 Rxc4 26. Rxc4 Qxc4 27. Nxd6 Qxf4 28. Nxe8 Qxd2 29. Rxd2 Nxe8 30. d6 Bf6 31. d7 Nc7 32. d8Q+ Bxd8 33. Rxd8+ Kg7 34. Kf2 Kf6 35. g4 Ne6 36. Ra8 h5 37. gxh5 gxh5 38. Ke3 Ke5 39. Rh8 Nf4 40. Re8+ Ne6 41. h3 Kf5 42. Rg8 Nf4 43. Rc8 Ne6 44. f4 Kg6 45. Ke4 f5+ 46. Ke5 Nd4 47. Rxc5 Nf3+ 48. Ke6 h4 49. Rc3 Nd4+ 50. Ke5 Ne2 51. Rc6+ Kh5 52. Rf6 Ng3 53. Rxf5+ 1-0

[Event "Dobczyce Dominik Memorial 27th"]
[Site "Dobczyce"]
[Date "2019.07.11"]
[Round "9"]
[White "Mirowska, Oliwia"]
[Black "Iwanczuk, Krzysztof"]
[Result "0-1"]
[WhiteElo "1735"]
[BlackElo "1775"]
[PlyCount "88"]
[EventDate "2019.07.05"]
[EventType "swiss"]
[EventRounds "9"]
[EventCountry "POL"]
[SourceTitle "EXT 2020"]
[Source "ChessBase"]
[SourceDate "2019.10.17"]
[SourceVersion "1"]
[SourceVersionDate "2019.10.17"]
[SourceQuality "1"]

1. g3 d5 2. Nf3 Bg4 3. Bg2 Nd7 4. d3 Ngf6 5. c3 e5 6. 0-0 Bd6 7. Nbd2 c6 8. e4 0-0 9. h3 Bh5 10. g4 Bg6 11. Nh4 Nc5 12. Nxg6 hxg6 13. exd5 cxd5 14. Nf3 e4 15. dxe4 dxe4 16. Nd4 Re8 17. Qc2 Rc8 18. Bg5 Qe7 19. Bh4 Nd3 20. Qe2 Nf4 21. Qe3 Nxg2 22. Kxg2 Nxg4 23. Bxe7 Nxe3+ 24. fxe3 Rxe7 25. Rf2 Rc5 26. h4 Rh5 27. Rh1 Ree5 28. a3 Rh6 29. Rf4 g5 30. Rg4 gxh4 31. Rhxh4 Rxh4 32. Rxh4 Rg5+ 33. Kf1 f5 34. Ne6 Rg3 35. Kf2 Rg6 36. Nf4 Bxf4 37. Rxf4 Rf6 38. Kg3 g5 39. Rf2 Kf7 40. Rd2 f4+ 41. exf4 gxf4+ 42. Kg2 Ke6 43. Rd8 f3+ 44. Kf2 e3+ 0-1

[Event "Dobczyce Dominik Memorial 27th"]
[Site "Dobczyce"]
[Date "2019.07.10"]
[Round "8"]
[White "Iwanczuk, Krzysztof"]
[Black "Kyc, Jerzy"]
[Result "0-1"]
[WhiteElo "1775"]
[BlackElo "2279"]
[PlyCount "76"]
[EventDate "2019.07.05"]
[EventType "swiss"]
[EventRounds "9"]
[EventCountry "POL"]
[SourceTitle "EXT 2020"]
[Source "ChessBase"]
[SourceDate "2019.10.17"]
[SourceVersion "1"]
[SourceVersionDate "2019.10.17"]
[SourceQuality "1"]

1. e4 c5 2. Nf3 d6 3. d4 cxd4 4. Qxd4 Bd7 5. c4 Nc6 6. Qd2 g6 7. b3 Bg7 8. Bb2 Nf6 9. Nc3 Qa5 10. Rb1 0-0 11. Be2 Bg4 12. 0-0 Rfd8 13. Rfe1 a6 14. a3 Rac8 15. h3 Bxf3 16. Bxf3 Ne5 17. Be2 b5 18. b4 Qb6 19. cxb5 axb5 20. Nxb5 Nxe4 21. Qf4 f5 22. Bd4 Qb8 23. Rec1 Bf6 24. h4 Nd7 25. Bxf6 Ndxf6 26. Qe3 e5 27. Na7 Nd5 28. Rxc8 Rxc8 29. Qb3 Qxa7 30. Qxd5+ Kg7 31. Kh2 Rc2 32. Bd3 Rd2 33. Qc4 Qxf2 34. Bxe4 fxe4 35. Qf1 Qxh4+ 36. Kg1 e3 37. b5 e2 38. Qe1 Qd4+ 0-1

[Event "Dobczyce Dominik Memorial 27th"]
[Site "Dobczyce"]
[Date "2019.07.06"]
[Round "3"]
[White "Kawula, Andrzej"]
[Black "Iwanczuk, Krzysztof"]
[Result "0-1"]
[WhiteElo "1876"]
[BlackElo "1775"]
[PlyCount "94"]
[EventDate "2019.07.05"]
[EventType "swiss"]
[EventRounds "9"]
[EventCountry "POL"]
[SourceTitle "EXT 2020"]
[Source "ChessBase"]
[SourceDate "2019.10.17"]
[SourceVersion "1"]
[SourceVersionDate "2019.10.17"]
[SourceQuality "1"]

1. d4 Nf6 2. c4 e5 3. dxe5 Ng4 4. Nf3 Bc5 5. e3 Nc6 6. Be2 0-0 7. 0-0 Re8 8. b3 Ngxe5 9. Nbd2 Nxf3+ 10. Nxf3 Ne5 11. Bb2 Nxf3+ 12. Bxf3 a5 13. Qd5 Qe7 14. Rad1 Ra6 15. Bd4 Bb4 16. c5 Rh6 17. g3 c6 18. Qc4 d6 19. cxd6 Bxd6 20. Qc3 Bb4 21. Qb2 Bh3 22. Bg2 Bxg2 23. Kxg2 Qe6 24. h4 Rxh4 25. Rh1 Qd5+ 26. f3 Rxh1 27. Rxh1 c5 28. Bxg7 Rxe3 29. Rf1 Qd2+ 30. Rf2 Qxb2 31. Bxb2 Bc3 32. Bc1 Re1 33. Rc2 Bd4 34. f4 f5 35. Kf3 Kf7 36. a3 Ke6 37. b4 axb4 38. axb4 cxb4 39. Bb2 Re3+ 40. Kg2 Kd5 41. Bxd4 Kxd4 42. Rc7 b5 43. Kf2 Re4 44. Rb7 b3 45. Rxb5 Kc3 46. Rc5+ Rc4 47. Re5 b2 0-1

[Event "POL-ch U18"]
[Site "Szklarska Poreba"]
[Date "2019.03.13"]
[Round "6"]
[White "Kaminski, Maciej1111"]
[Black "Iwanczuk, Krzysztof"]
[Result "0-1"]
[WhiteElo "1796"]
[BlackElo "1749"]
[PlyCount "68"]
[EventDate "2019.03.09"]
[EventType "swiss"]
[EventRounds "9"]
[EventCountry "POL"]
[SourceTitle "CBM 189 Extra"]
[Source "ChessBase"]
[SourceDate "2019.06.03"]
[SourceVersion "1"]
[SourceVersionDate "2019.06.03"]
[SourceQuality "1"]

1. d4 Nf6 2. c4 g6 3. Nc3 Bg7 4. e4 d6 5. Nf3 0-0 6. Be2 Na6 7. 0-0 e5 8. d5 Nc5 9. Qc2 a5 10. Be3 b6 11. a3 Ng4 12. Bg5 f6 13. Bh4 g5 14. b4 Na6 15. b5 Nc5 16. Bg3 f5 17. h3 Nh6 18. Nd2 f4 19. Bh2 g4 20. hxg4 Bxg4 21. f3 Bd7 22. Rfd1 Qh4 23. Nf1 Rf6 24. g3 Qh3 25. Rd2 Nf7 26. Nd1 fxg3 27. Bxg3 Rg6 28. Kf2 Rxg3 29. Nxg3 Qh2+ 30. Ke1 Qxg3+ 31. Nf2 Bh6 32. Rdd1 Ng5 33. Kf1 Nh3 34. Bd3 Qg1+ 0-1

[Event "POL-ch U18"]
[Site "Szklarska Poreba"]
[Date "2019.03.09"]
[Round "1"]
[White "Lukasiewicz, Krzysztof"]
[Black "Iwanczuk, Krzysztof"]
[Result "1-0"]
[WhiteElo "2155"]
[BlackElo "1749"]
[PlyCount "107"]
[EventDate "2019.03.09"]
[EventType "swiss"]
[EventRounds "9"]
[EventCountry "POL"]
[SourceTitle "CBM 189 Extra"]
[Source "ChessBase"]
[SourceDate "2019.06.03"]
[SourceVersion "1"]
[SourceVersionDate "2019.06.03"]
[SourceQuality "1"]

1. e4 c5 2. Nf3 d6 3. d4 cxd4 4. Nxd4 Nf6 5. Nc3 a6 6. Be2 e5 7. Nf3 Be7 8. Bg5 Nbd7 9. a4 h6 10. Bxf6 Nxf6 11. Nd2 Be6 12. 0-0 Rc8 13. Re1 d5 14. exd5 Nxd5 15. Nxd5 Bxd5 16. Bg4 Rc7 17. Rxe5 0-0 18. c3 Bf6 19. Re1 b5 20. axb5 axb5 21. Ne4 Bxe4 22. Rxe4 Qxd1+ 23. Bxd1 Rd8 24. Rb4 Rc5 25. Be2 Rdd5 26. Kf1 Bd8 27. Ra8 Kh7 28. Rb8 Bc7 29. R8xb5 Rxb5 30. Rxb5 Rxb5 31. Bxb5 Kg6 32. Be8 Kf6 33. h3 Ke7 34. Ba4 Kd6 35. Ke2 Bb6 36. b4 g5 37. c4 Bd4 38. c5+ Kd5 39. Kd3 Bxf2 40. Bb3+ Kc6 41. Kc4 f5 42. Bc2 g4 43. Bxf5 gxh3 44. Bxh3 h5 45. b5+ Kb7 46. Bf5 Bg3 47. Be4+ Kb8 48. b6 h4 49. Bf5 Bf2 50. Kb5 Be3 51. c6 Bf4 52. c7+ Bxc7 53. bxc7+ Kxc7 54. Kc5 1-0